1308 1205 1031 1676 1318 1382 1802 1977 1216 1904 1786 1301 1091 1898 1155 1755 1272 1820 1406 1615 1557 1786 1615 1849 1131 1870 1316 1189 1432 1458 1378 1051 1172 1954 1366 1302 1564 1282 1850 1011 1883 1899 1052 1606 1174 1072 1276 1201 1996 1026 1723 1285 1415 1466 1698 1246 1359 1780 1231 1897 1449 1958 1094 1174 1314 1451 1528 1323 1303 1208 1268 1581 1599 1038 1746 1236 1905 1921 1353 1088 1295 1704 1275 1766 1817 1578 1429 1712 1519 1858 1686 1459 1287 1590 1474 1307 1217 1592 1036 BCNSPRNW ULIB Ver.6.0+V

เปลี่ยนเป็นภาษาไทย

Change to English
 แสดงรายละเอียดบรรณานุกรม
  กลับหน้าหลัก

Brief Record : Get Marc (ISO 2709) : E-mail record : QR code < ปิดหน้าต่าง
LEADER : 00000nam 2200000uu 4500
001    13399113439
003     ULIB
008    110915s2554 th a 000 0 tha d
020    ^a9786167375700
060 04 ^aQV250^bT794 2554
245 00 ^aTrends in infectious disease pharmacotherapy 2011 /
250    ^aพิมพ์ครั้งที่ 1
260    ^aสงขลา :^bภาควิชาเภสัชกรรมคลินิก คณะเภสัชศาสตร์
300    ^a(8), 368 หน้า :^bภาพประกอบ ;^c27 :,.
650  4 ^aการใช้ยา
650  4 ^aการดื้อยา
650  4 ^aยา^xการบำบัด
700 0  ^aณัฐาศิริ ฐานะวุฑฒ์,^eบรรณาธิการ
710 2  ^aมหาวิทยาลัยสงขลานครินทร์. ^bคณะเภสัชศาสตร์.
945    ^p380^l0^i030710
945    ^p380^l0^i030711
945    ^p380^l0^i030712
995    ^aเกษร
999 ^a ใช้งานได้ทุกระบบ
รายการนี้ยังไม่มีแท็ก
คุณยังไม่ได้ล็อกอิน คุณสามารถมีกิจกรรมร่วมกับเว็บไซต์ได้ แต่ต้องล็อกอินก่อน ::
  ล็อกอิน

รายการสื่อสารสนเทศ

ลำดับที่ ประเภท เลขเรียก/บาร์โค้ด สถานที่ สถานะ
1. วิทยาศาสตร์การแพทย์ และสุขภาพ
วิทยาศาสตร์การแพทย์ และสุขภาพ
QV250 T794 2554 ฉ.2 
  Barcode: 030711
ห้องสมุดวิทยาเขตสวรรค์ประชารักษ์
►ส่วนจัดเก็บหนังสือเก่า สปร
บนชั้น
  ขอยืม
2. วิทยาศาสตร์การแพทย์ และสุขภาพ
วิทยาศาสตร์การแพทย์ และสุขภาพ
QV250 T794 2554 ฉ.3 
  Barcode: 030712
ห้องสมุดวิทยาเขตสวรรค์ประชารักษ์
►ส่วนจัดเก็บหนังสือเก่า สปร
บนชั้น
  ขอยืม

รายการใกล้เคียง
    หัวเรื่อง [การใช้ยา]
    หัวเรื่อง [การดื้อยา]

BibComment


ยังไม่เคยถูกคอมเมนท์

คอมเมนท์ทรัพยากรรายการนี้
  คอมเมนท์: Trends in infect..


 Copyright 2026. Bcnsprnw @Library